Effectif Stade Brestois 29 2024/2025 ❤️🤍 - Statistiques

Statistiques générales
  • Ce quiz a été pris 30 fois
  • Le résultat moyen est 21 sur 29
Statistiques - réponses
Hint Réponse % Correct
Coach Eric Roy
95%
DD Kenny Lala
95%
BU Ludovic Ajorque
95%
GK Marco Bizot
95%
DC Brendan Chardonnet
90%
MC Mahdi Camara
90%
BU Mama Baldé
90%
MDC Edimilson Fernandes
81%
GK Grégoire Coudert
81%
MC Hugo Magnetti
81%
DG Massadio Haidara
81%
MDC Pierre Lees Melou
81%
AD Romain Del Castillo
81%
AG Abdallah Sima
76%
MOC Kamory Doumbia
76%
AG Ibrahim Salah
71%
DG Jordan Amavi
71%
MOC Romain Faivre
71%
DC Abdoulaye Ndiaye
67%
DC Julien Le Cardinal
67%
DG Bradley Locko
62%
MC Jonas Martin
62%
GK Noah Jauny
62%
DC Soumaila Coulibaly
62%
AD Mathias Pereira Lage
57%
DG Justin Bourgault
43%
DD Luck Zogbe
43%
BU Serigne Saliou Diop
19%
AD Ibrahim Kanté
14%
Aucun quiz correspondant
Distribution des résultats
% des personnes avec chaque résultat
Percentile par nombre de réponses
Votre historique - résultats
Vous n’avez pas pris ce quiz